Statistics for Russian Leaders of History

Click here to take the quiz!

General Stats

  • This quiz has been taken 99 times
    (92 since last reset)
  • The average score is 23 of 117

Answer Stats

YearsTitleLeaderTitle% Correct
978-1015Grand PrinceVladimirthe Great
80%
1326-1328Grand PrinceAlexander of Susdal
63%
1999-2008 | 2012-PresidentVladimir Putin
63%
1917-1924Soviet LeaderVladimir Lenin
61%
1762-1796EmpressCatherinethe Great
59%
1924-1953Soviet LeaderJoseph Stalin
59%
1991-1999PresidentBoris Yeltsin
57%
1825-1855EmperorNicholas I of Russia
57%
1855-1881EmperorAlexander II of Russia
55%
1801-1825EmperorAlexander I of Russia
55%
1894-1917EmperorNicholas II of Russia
55%
1881-1894EmperorAlexander III of Russia
53%
1462-1505Grand PrinceIvan III of Russiathe Great
53%
1353-1359Grand PrinceIvan II of Moscowthe Fair
53%
1331-1340Grand PrinceIvan I of Moscow
53%
1533-1575 | 1576-1584TsarIvan IVthe Terrible
47%
1682-1696TsarIvan V of Russia
47%
1740-1741EmperorIvan VI of Russia
45%
1696-1725EmperorPeter Ithe Great
45%
1953-1964Soviet LeaderNikita Khrushchev
43%
1761-1762EmperorPeter III of Russia
43%
1727-1730EmperorPeter II of Russia
43%
2008-2012PresidentDmitry Medvedev
41%
1277-1281 | 1283-1293Grand PrinceDmitry of Pereslavl
41%
1318-1322Grand PrinceDmitry of Tverthe Fearsome Eyes
41%
1304-1318Grand PrinceMikhail of Tver
41%
1174Grand PrinceMikhail of Vladimir
41%
1964-1982Soviet LeaderLeonid Brezhnev
37%
1985-1991Soviet LeaderMikhail Gorbachev
37%
1725-1727EmpressCatherine I of Russia
35%
1982-1984Soviet LeaderYuri Andropov
35%
1216-1218Grand PrinceKonstantin of Rostov
31%
862-879PrinceRurik
31%
1984-1985Soviet LeaderKonstantin Chernenko
27%
1741-1761EmpressElizabeth of Russia
24%
1953Soviet LeaderGeorgy Malenkov
24%
879-912Grand PrinceOleg of Novgorodthe Seer
24%
1730-1740EmpressAnna of Russia
22%
1796-1801EmperorPaul I of Russia
22%
1113-1125Grand PrinceVladimir II Monomakh
22%
912-945Grand PrinceIgor of Kievthe Old
20%
1613-1645TsarMichael of Russia
20%
945-959Grand PrincessOlga of Kiev
20%
1263-1272Grand PrinceYaroslav of Tver
20%
1917Provisional Government ChairmanAlexander Kerensky
18%
1598-1605TsarBoris Godunov
16%
1645-1676TsarAlexis of Russiathe Quietest
12%
1605-1606TsarFalse Dmitry I
12%
1272-1277Grand PrinceVasily of Kostroma
12%
1433 | 1434Grand PrinceYury of Zvenigorod
12%
1252-1263Grand PrinceAlexander Nevsky
10%
1425-1433 | 1433-1434 | 1434-1445 | +2 othersGrand PrinceVasily II of Moscowthe Blind
10%
1389-1425Grand PrinceVasily I of Moscow
10%
1676-1682TsarFeodor III of Russia
8%
1605TsarFeodor II of Russia
8%
1584-1598TsarFeodor I of Russia
8%
1146Grand PrinceIgor II of Kiev
8%
1016-1018 | 1019-1054Grand PrinceYaroslav Ithe Wise
8%
1212-1216 | 1218-1238Grand PrinceYuri II of Vladimir
6%
1281-1283 | 1293-1304Grand PrinceAndrey of Gorodets
4%
1917Provisional Government ChairmanGeorgy Lvov
4%
1340-1353Grand PrinceSimeon of Moscowthe Proud
4%
1505-1533Grand PrinceVasili III of Russia
4%
1606-1610TsarVasili IV of Russia
4%
1176-1212Grand PrinceVsevolodthe Big Nest
4%
1238-1246Grand PrinceYaroslav II of Vladimir
4%
1249-1252Grand PrinceAndrey II of Vladimir
2%
1359-1389Grand PrinceDmitry Donskoyof the Don
2%
1154-1155Grand PrinceIziaslav III of Kiev
2%
1146-1149 | 1150 | 1151-1154Grand PrinceIziaslav II of Kiev
2%
1054-1068 | 1069-1073 | 1077-1078Grand PrinceIziaslav I of Kiev
2%
1125-1132Grand PrinceMstislav I of Kievthe Great
2%
1093-1113Grand PrinceSviatopolk II of Kiev
2%
1015-1016 | 1018-1019Grand PrinceSviatopolk I of Kievthe Accursed
2%
959-972Grand PrinceSviatoslav Ithe Brave
2%
1246-1248Grand PrinceSviatoslav III of Vladimir
2%
1073-1076Grand PrinceSviatoslav II of Kiev
2%
1132-1139Grand PrinceYaropolk II of Kiev
2%
972-978Grand PrinceYaropolk I of Kiev
2%
1322-1326Grand PrinceAleksandr Mikhailovich of Tver
0%
1157-1174Grand PrinceAndrey Bogolyubskythe Pious
0%
1445 | 1446-1447Grand PrinceDmitry Shemyaka
0%
1612-1613TsarDmitry Troubetskoy
0%
1610-1612TsarFedor Mstislavsky
0%
1598TsarIrina Godunova
0%
1248-1249Grand PrinceMikhail Khorobritthe Brave
0%
1175-1176Grand PrinceMikhail of Vladimir
0%
1154Grand PrinceRostislav I of Kiev
0%
1575-1576TsarSimeon Bekbulatovich
0%
1434Grand PrinceVasily Kosoythe Squint
0%
1139 | 1150Grand PrinceViacheslav I of Kiev
0%
1068-1069Grand PrinceVselav of Polotskthe Seer
0%
1139-1146Grand PrinceVsevolod II of Kiev
0%
1077 | 1078-1093Grand PrinceVsevolod I of Kiev
0%
1174-1175Grand PrinceYaropolk Rostislavich
0%
1149-1150 | 1150-1151 | 1155-1157Grand PrinceYuri Dolgorukiythe Long Hands
0%

Score Distribution

Percentile by Number Answered

Percent of People with Each Score

Your Score History

You have not taken this quiz since the last reset